{"text_format":"3","workbook":"xls","n_sheets":3,"sheets":["汇总表","全费用综合单价","甲供材料及设备一览表"],"not_rendered":{"external_links":1,"defined_names":2},"read":"whole","date_system":"1900","formulas":"cached_only"}

{"sheet":"汇总表","index":0,"n_rows":5,"n_cols":4,"rows_kept":5,"merged":[[0,0,0,3],[1,0,1,2]],"flags":["formulas_cached_only"]}
["招标控制价汇总表"]
["工程名称：炼钢厂一系列干法电除尘器电气系统改造               项目编号：",null,null,201037]
["序号","项目名称","编制金额（元）","备注"]
["一","安装工程",114392.55]
["二","合计",114392.55,"不含税"]

{"sheet":"全费用综合单价","index":1,"n_rows":45,"n_cols":8,"rows_kept":45,"merged":[[0,0,0,7],[1,0,1,2],[1,3,1,7],[2,0,3,0],[2,1,3,1],[2,2,3,2],[2,3,3,3],[2,4,3,4],[2,5,2,7],[44,0,44,5]],"flags":["formulas_cached_only"]}
["全费用清单明细表"]
["工程名称：炼钢厂一系列干法电除尘器电气系统改造",null,null,"项目编号：201037"]
["序号","项目名称","项目特征及工作内容","单位","工程量","不含税金额（元）"]
[{"$nulls":5},"全费用单价","合价","其中:暂估价"]
[1,"电除尘整流变压器拆除","[项目特征]\n1.名称:电除尘整流变压器\n2.容量(kV·A):容量(kV·A以下) 500\n3.其他:吊装、运输机械费用另行计算\n[工作内容]\n1.本体拆除\n","台",2,{"v":750,"d":"750.00"},{"v":1500,"d":"1500.00"}]
[2,"电除尘整流变压器安装（设备及主材甲供）","[项目特征]\n1.名称:电除尘整流变压器\n2.容量(kV·A):容量(kV·A以下) 500\n3.其他:吊装、运输机械费用另行计算\n[工作内容]\n1.本体安装\n2.补刷(喷)油漆\n","台",2,{"v":1800,"d":"1800.00"},{"v":3600,"d":"3600.00"}]
[3,"电力变压器系统","[项目特征]\n1.名称:电力变压器系统\n2.容量(kV．A):容量(kV·A以下) 500\n[工作内容]\n1.系统调试\n","台",2,{"v":2000,"d":"2000.00"},{"v":4000,"d":"4000.00"}]
[4,"可控硅柜拆除","[项目特征]\n1.名称:可控硅柜\n2.型号: (A)以内 500\n3.其他:吊装、运输机械费用另行计算\n[工作内容]\n1.本体拆除\n","台",2,{"v":750,"d":"750.00"},{"v":1500,"d":"1500.00"}]
[5,"可控硅柜安装（设备及主材甲供）","[项目特征]\n1.名称:可控硅柜\n2.型号: (A)以内 500\n3.其他:吊装、运输机械费用另行计算\n[工作内容]\n1.本体安装\n2.补刷(喷)油漆\n3.接地\n","台",2,{"v":1500,"d":"1500.00"},{"v":3000,"d":"3000.00"}]
[6,"可控硅整流装置调试","[项目特征]\n1.名称:可控硅整流装置调试\n[工作内容]\n1.调试\n","台",2,{"v":3600,"d":"3600.00"},{"v":7200,"d":"7200.00"}]
[7,"电缆拆除","[项目特征]\n1.名称:电力电缆\n2.规格:3*185mm2\n[工作内容]\n1.电缆拆除\n","m",{"v":950,"d":"950.00"},{"v":12,"d":"12.00"},{"v":11400,"d":"11400.00"}]
[8,"电缆敷设（设备及主材甲供）","[项目特征]\n1.名称:电力电缆\n2.规格:3*185mm2\n[工作内容]\n1.电缆敷设\n","m",{"v":950,"d":"950.00"},{"v":26,"d":"26.00"},{"v":24700,"d":"24700.00"}]
[9,"电力电缆头（乙供）","[项目特征]\n1.名称:电力电缆头\n2.型号:1kV以下室内干包式\n3.规格:(截面积 mm2) 240\n[工作内容]\n1.电力电缆头制作\n2.电力电缆头安装\n3.接地\n","个",16,{"v":320,"d":"320.00"},{"v":5120,"d":"5120.00"}]
[10,"光缆（设备及主材甲供）","[项目特征]\n1.名称:光缆\n2.规格:4芯多模\n[工作内容]\n1.敷设\n2.标记\n3.卡接\n","m",{"v":650,"d":"650.00"},{"v":2.8,"d":"2.80"},{"v":1819.9999999999998,"d":"1820.00"}]
[11,"光纤连接（乙供）","[项目特征]\n1.方法:熔接法 \n2.模式:多模\n[工作内容]\n1.接续\n2.测试\n","芯",16,{"v":90,"d":"90.00"},{"v":1440,"d":"1440.00"}]
[12,"控制电缆拆除","[项目特征]\n1.名称:控制电缆\n2.规格:14*1.5\n[工作内容]\n1.控制电缆拆除\n","m",{"v":650,"d":"650.00"},{"v":3.6,"d":"3.60"},{"v":2340,"d":"2340.00"}]
[13,"控制电缆敷设（设备及主材甲供）","[项目特征]\n1.名称:控制电缆\n2.规格:14*1.5\n[工作内容]\n1.电缆敷设\n","m",{"v":650,"d":"650.00"},{"v":7.4,"d":"7.40"},{"v":4810,"d":"4810.00"}]
[14,"控制电缆头（乙供）","[项目特征]\n1.名称:控制电缆头\n2.芯数:14芯以内\n[工作内容]\n1.电力电缆头制作\n2.电力电缆头安装\n3.接地\n","个",4,{"v":115,"d":"115.00"},{"v":460,"d":"460.00"}]
[15,"电缆沟揭盖板","[项目特征]\n1.名称:电缆沟揭盖板\n[工作内容]\n1.\u2029盖板揭起、堆放、盖板覆盖、调整等\n","m",{"v":200,"d":"200.00"},{"v":20,"d":"20.00"},{"v":4000,"d":"4000.00"}]
[16,"防火堵洞（乙供）","[项目特征]\n1.堵料:1800kg/m3\n[工作内容]\n1.防火堵洞安装\n","m3",{"v":0.3,"d":"0.30"},{"v":15000,"d":"15000.00"},{"v":4500,"d":"4500.00"}]
[17,"基础槽钢制作安装（设备及主材甲供）","[项目特征]\n1.规格型号:槽钢10#\n[工作内容]\n1.制作、安装\n2.除锈、刷漆\n3.运输\n","t",{"v":0.2,"d":"0.200"},{"v":3500,"d":"3500.00"},{"v":700,"d":"700.00"}]
[18,"变压器雨棚钢结构拆除","[项目特征]\n1.材质:型钢\n2.规格型号:综合\n[工作内容]\n1.拆除\n2.场内运输\n","t",{"v":0.23,"d":"0.230"},{"v":335,"d":"335.00"},77.05]
[19,"变压器雨棚钢结构制作安装（设备及主材甲供）","[项目特征]\n1.材质:型钢\n2.规格型号:综合\n[工作内容]\n1.制作、安装\n2.除锈、刷漆\n3.运输\n","t",{"v":0.23,"d":"0.230"},{"v":2350,"d":"2350.00"},{"v":540.5,"d":"540.50"}]
[20,"变压器雨棚彩钢瓦拆除","[项目特征]\n1.瓦品种、规格:变压器雨棚彩钢瓦\n[工作内容]\n1.拆除\n","m2",{"v":6,"d":"6.00"},{"v":4,"d":"4.00"},{"v":24,"d":"24.00"}]
[21,"变压器雨棚彩钢瓦安装（设备及主材甲供）","[项目特征]\n1.瓦品种、规格:变压器雨棚彩钢瓦\n[工作内容]\n1.截料、制作安装铁件\n2.吊装安装屋面板,安装檐口堵头\n","m2",{"v":6,"d":"6.00"},{"v":24,"d":"24.00"},{"v":144,"d":"144.00"}]
[22,"过程控制管理计算机 软件功能试验","[项目特征]\n1.名称:过程控制管理计算机软件功能试验\n[工作内容]\n1.调试、实现相应软件功能\n","套",1,{"v":4000,"d":"4000.00"},{"v":4000,"d":"4000.00"}]
[23,"可编程逻辑控制装置小规模（PLC）调试 过程控制I/O点(128点以下)","[项目特征]\n1.名称:可编程逻辑控制器(PLC)试验\n2.点数:过程I/O点(点以下) 128\n[工作内容]\n1.调试\n","套",1,{"v":2100,"d":"2100.00"},{"v":2100,"d":"2100.00"}]
[24,"隔离器拆除","[项目特征]\n1.隔离器\n[工作内容]\n1.拆除\n","台",45,{"v":48,"d":"48.00"},{"v":2160,"d":"2160.00"}]
[25,"隔离器（设备及主材甲供）","[项目特征]\n1.隔离器\n[工作内容]\n1.安装\n","台",45,{"v":105,"d":"105.00"},{"v":4725,"d":"4725.00"}]
[26,"模拟量模块拆除","[项目特征]\n1.名称:模拟量模块\n[工作内容]\n1.拆除\n","块",10,{"v":48,"d":"48.00"},{"v":480,"d":"480.00"}]
[27,"模拟量模块安装（设备及主材甲供）","[项目特征]\n1.名称:模拟量模块\n[工作内容]\n1.安装、调试\n","块",10,{"v":105,"d":"105.00"},{"v":1050,"d":"1050.00"}]
[28,"数字量模块拆除","[项目特征]\n1.名称:数字量模块\n[工作内容]\n1.拆除\n","块",13,{"v":48,"d":"48.00"},{"v":624,"d":"624.00"}]
[29,"数字量模块安装（设备及主材甲供）","[项目特征]\n1.名称:数字量模块\n[工作内容]\n1.安装、调试\n","块",13,{"v":105,"d":"105.00"},{"v":1365,"d":"1365.00"}]
[30,"稳压稳频供电源拆除","[项目特征]\n1.名称:稳压稳频供电源\n[工作内容]\n1.拆除\n","个",1,{"v":40,"d":"40.00"},{"v":40,"d":"40.00"}]
[31,"稳压稳频供电源安装（设备及主材甲供）","[项目特征]\n1.名称:稳压稳频供电源\n[工作内容]\n1.安装、检查接线\n2.校线、试验\n","个",1,{"v":85,"d":"85.00"},{"v":85,"d":"85.00"}]
[32,"通讯模块拆除","[项目特征]\n1.名称:通讯模块\n[工作内容]\n1.拆除\n","块",1,{"v":48,"d":"48.00"},{"v":48,"d":"48.00"}]
[33,"通讯模块安装（设备及主材甲供）","[项目特征]\n1.名称:通讯模块\n[工作内容]\n1.安装、调试\n","块",1,{"v":105,"d":"105.00"},{"v":105,"d":"105.00"}]
[34,"在线回路试验 模拟量AI(点)","[项目特征]\n1.名称:在线回路试验 模拟量AI(点)\n[工作内容]\n1.调试\n","点",68,{"v":22,"d":"22.00"},{"v":1496,"d":"1496.00"}]
[35,"在线回路试验 模拟量A0(点)","[项目特征]\n1.名称:在线回路试验 模拟量A0(点)\n[工作内容]\n1.调试\n","点",56,{"v":46,"d":"46.00"},{"v":2576,"d":"2576.00"}]
[36,"在线回路试验 数字量DI(点)","[项目特征]\n1.名称:在线回路试验 数字量DI(点)\n[工作内容]\n1.调试\n","点",42,{"v":28,"d":"28.00"},{"v":1176,"d":"1176.00"}]
[37,"在线回路试验 数字量DO(点)","[项目特征]\n1.名称:在线回路试验 数字量DO(点)\n[工作内容]\n1.调试\n","点",36,{"v":22,"d":"22.00"},{"v":792,"d":"792.00"}]
[38,"不间断电源调试 ","[项目特征]\n1.名称:不间断电源调试\n2.规格:10KV.A以下\n[工作内容]\n1.调试\n","套",1,{"v":850,"d":"850.00"},{"v":850,"d":"850.00"}]
[39,"50t汽车吊","[项目特征]\n1.名称:汽车吊\n2.载重量:50t\n[工作内容]\n1.配合变压器拆除及安装\n","台班",3,{"v":2150,"d":"2150.00"},{"v":6450,"d":"6450.00"}]
[40,"10t载重汽车","[项目特征]\n1.名称:载重汽车\n2.载重量:10t\n[工作内容]\n1.配合转运变压器及电气柜\n","台班",3,{"v":465,"d":"465.00"},{"v":1395,"d":"1395.00"}]
["合计",{"$nulls":5},114392.55]

{"sheet":"甲供材料及设备一览表","index":2,"n_rows":16,"n_cols":6,"rows_kept":16,"merged":[[0,0,0,5],[1,0,1,2],[1,3,1,4]],"flags":["formulas_cached_only"]}
["甲供材料、设备一览表"]
["工程名称：炼钢厂一系列干法电除尘器电气系统改造",null,null,"项目编号：201037"]
["序号","设备/材料名称","规格型号","单位","数量（含损耗）","备注"]
[1,"电除尘整流变压器","容量(kV·A):容量(kV·A以下) 500","台",2]
[2,"可控硅柜","(A)以内 500","台",2]
[3,"电缆","3*185mm2","m",{"v":959.5,"d":"959.50"}]
[4,"光缆","4芯多模","m",{"v":656.5,"d":"656.50"}]
[5,"控制电缆","14*1.5mm2","m",{"v":656.5,"d":"656.50"}]
[6,"基础槽钢","槽钢10#","t",{"v":0.2,"d":"0.200"}]
[7,"变压器雨棚钢结构","综合","t",{"v":0.23,"d":"0.230"}]
[8,"变压器雨棚彩钢瓦","彩钢瓦","m2",{"v":7.6956,"d":"7.70"}]
[9,"隔离器",null,"台",45]
[10,"模拟量模块",null,"块",10]
[11,"数字量模块",null,"块",13]
[12,"稳压稳频供电源",null,"个",1]
[13,"通讯模块",null,"块",1]